000 00948nam0a22003011 4500
001 v19\rc\1347029
005 20260407212337.0
035 _a(NLR Aleph) 004493447
090 _a4660534
_c4660534
100 _a20060512d1861 |||y0rusy50 ca
101 0 _arus
_afre
102 _aRU
105 _ay z |||||
200 1 _aТелеграфная конвенция между Россиею и Турциею
210 _aБ.м.
_d[1861]
215 _a[48] с.
_d34
300 _aТекст парал. на рус. и фр. яз.
309 _aБез тит. л. и обл.
740 1 _aРоссия
_tДоговоры
_3RU\NLR\AUTH\889957979
_9412045
741 1 _aТурция
_tДоговоры
_3RU\NLR\AUTH\8810141563
_9777899
801 0 _aRU
_bNLR
_gpsbo
801 0 _aRU
_bRuMoRGB
_2psbo
801 1 _aRU
_bProSoft-M
_2rusmarc
852 _aNLR
_j18.107.1.498
899 _aRuMoRGB
_jP 59/14
942 _cBOOK
980 _aNB